Guess the Olivia Rodrigo Song 6 (no hints) - Statistics

General Stats
  • This quiz has been taken 69 times
  • The average score is 234 of 425
Answer Stats
Answer % Correct
a
98%
I
98%
the
92%
The
92%
you?
92%
you
92%
be
82%
love
80%
me
78%
it
76%
It
76%
so
76%
So
76%
when
76%
When
76%
and
75%
for
75%
I'm
73%
my
73%
to
73%
in
69%
good
67%
no
67%
then
67%
got
65%
that
65%
your
65%
But
63%
all
59%
of
59%
it's
57%
its
57%
ever
55%
If
55%
if
55%
like
55%
happy
53%
know
53%
not
53%
Oh
53%
what
53%
can't
51%
'Cause
51%
'cause
51%
guitar
49%
I'll
49%
is
47%
never
47%
scared
47%
they
47%
think
47%
too
47%
well
47%
we'll
47%
as
45%
As
45%
have
45%
say
45%
Yeah
45%
heart
43%
just
43%
right
43%
right?
43%
time
43%
could
41%
how
41%
was
41%
I've
39%
let
39%
lie
39%
make
39%
tell
37%
them
37%
way
37%
same
35%
always
33%
excuse
33%
knows
33%
play
33%
there
33%
thought
33%
cuts
31%
done
31%
else
31%
enough
31%
hard
31%
I'd
31%
keep
31%
someone
31%
through
31%
fine
29%
myself
29%
already
27%
easy
27%
even
27%
lay
27%
Perfect
27%
shape
27%
somethin'
27%
confused
25%
cure
25%
Distract
25%
find
25%
Maybe
25%
maybe
25%
mind
25%
next
25%
pretend
25%
thinkin'
25%
arms
24%
gut
24%
sleep
24%
sure
24%
why's
24%
away
22%
Barely
22%
better
22%
felt
22%
pit
22%
friends
20%
light
20%
stay
20%
claim
18%
half
18%
Once
18%
overwhelmed
18%
rather
18%
stop
18%
thats
18%
that's
18%
they're
18%
truth
18%
watch
18%
alright
16%
decent
16%
excuses
16%
fade
16%
tied
16%
wrong
16%
along
14%
anything
14%
doubt
14%
together
14%
what's
14%
brave
12%
creeps
12%
nerve
12%
noble
12%
stringin'
10%
Trade
10%
No matching quizzes found
Score Distribution
Percent of People with Each Score
Percentile by Number Answered
Your Score History
You have not taken this quiz